The Kinsey Institute New Report on sex : what you must know to be

Bibliographic Details
Main Author: Reinisch, June M
Format: Book
Published: New York : St. Martin's Press , 1991
Subjects:

MARC

LEADER 00000cam a2200000 7i4500
001 0000001591
002 000001738
005 20000330.0
020 |a 0312063865 
090 0 0 |a 306.70973   |b REI 
100 1 |a Reinisch, June M 
245 1 4 |a The Kinsey Institute New Report on sex :   |b what you must know to be   |c June M. Reinisch and Ruth Beasley 
260 |a New York :   |b St. Martin's Press ,   |c 1991 
300 |a 540p. ;   |c 23cm. 
650 0 0 |a Sex 
650 0 0 |a Sex customs   |z United States 
999 |a 034513   |b BUKU   |c PINJAMAN   |e PERPUSTAKAAN KOMUNITI PETALING JAYA